Análisis estadístico de las tendencias y proyecciones de profesores de enseñanza primaria y secundaria en el mundo: 1970-2000

保存先:
書誌詳細
団体著者: Organización de las Naciones Unidas
フォーマット: テキスト
出版事項: Ginebra: Naciones Unidas
タグ: タグ追加
タグなし, このレコードへの初めてのタグを付けませんか!

MARC

LEADER 00000 a a2200000 04500
001 25134
003
040 |a CRAI/IIS  |c CRAI/IIS 
090 |a 182200  
110 |a Organización de las Naciones Unidas  
245 |a Análisis estadístico de las tendencias y proyecciones de profesores de enseñanza primaria y secundaria en el mundo: 1970-2000  
260 |a Ginebra:   |b Naciones Unidas  
300 |a 47 p.  
999 |c 16916  |d 16916